Η έννοια του πλούτου στην Ιστορία του Ηροδότου
Αποθηκεύτηκε σε:
| Κύριος συγγραφέας: | |
|---|---|
| Μορφή: | Βιβλίο |
| Γλώσσα: | Greek |
| Δημοσίευση: |
Ιωάννινα :
Πανεπιστήμιο Ιωαννίνων - Φιλοσοφική Σχολή,
1987.
|
| Θέματα: | |
| Ετικέτες: |
Προσθήκη ετικέτας
Δεν υπάρχουν, Καταχωρήστε ετικέτα πρώτοι!
|
MARC
| LEADER | 00000cam a2200000 i 4500 | ||
|---|---|---|---|
| 001 | 1/26073 | ||
| 008 | 960724s1987 gr | ||| |||| ||gre|| | ||
| 035 | |l 10022604 | ||
| 040 | |a GR-MY-UA |b gre |e aacr | ||
| 041 | 0 | |a gre | |
| 082 | 7 | |a 100 |2 (22) | |
| 100 | 1 | |a Περυσινάκης, Γιάννης. | |
| 245 | 1 | 2 | |a Η έννοια του πλούτου στην Ιστορία του Ηροδότου / |c Ι.Ν.Περυσινάκης. |
| 260 | |a Ιωάννινα : |b Πανεπιστήμιο Ιωαννίνων - Φιλοσοφική Σχολή, |c 1987. | ||
| 300 | |a 278 σ. ; |c 24 εκ. | ||
| 504 | |a Βιβλιογραφία : σ. [253]-262. | ||
| 600 | 1 | 0 | |a Herodotus |x History. |
| 650 | 0 | 0 | |a Philosophy. |
| 852 | |a INST |b CHIOS |e 19960724 |h 100 ΠΕΡ |p 005200008755 |q 005200008755 |t BK |y 0 | ||
| 909 | |a Χ |b 045885 | ||
| 970 | |z 1996/07 | ||